[Event "Cto. Autonómico por Equipos 2007"]
[Site "Aragón"]
[Date "2007.02.24"]
[Round "5.52"]
[White "Buil Montañes Carlos"]
[Black "Garcia Estruch Jorge"]
[Result "1/2-1/2"]
[WhiteElo "1917"]
[BlackElo "1964"]

1.c4 c5 2.g3 Nc6 3.Bg2 e6 4.Nf3 d5 5.cxd5 exd5 6.d4 Nf6 7.Nc3 Be7 8.O-O O-O 9.
b3 cxd4 10.Nxd4 Bc5 11.Nxc6 bxc6 12.Bb2 Bf5 13.Na4 Be7 14.Rc1 Rc8 15.Bd4 Ba3
16.Rc3 Bb4 17.Rf3 Be4 18.Bxf6 gxf6 19.Rf4 Bd6 20.Rh4 Bg6 21.e4 dxe4 22.Bxe4 f5
23.Bb1 Qf6 24.Rc4 Rfe8 25.Qf3 Bb8 26.Rfc1 Qg5 27.Nc5 Bd6 28.b4 Re5 29.Nd3 Bh5
30.Qg2 Re2 31.Nf4 Bxf4 32.gxf4 Qxg2+ 33.Kxg2 Rd8 34.R4c2 Re4 35.Rc4 Re2 36.
R4c2 Re4 37.Rxc6 Rxf4 38.a3 Rd2 39.Rc8+ Kg7 40.Rf1 Be2 41.Rg1 Bb5 42.Kh3+ Kh6
43.Rc5 Bd7 44.Rf1 Rfxf2 45.Rxf2 Rxf2 46.Kg3 Rf1 47.Bd3 f4+ 48.Kg2 Bh3+ 49.Kxh3
Rf3+ 50.Kg4 Rxd3 51.Kxf4 Rxa3 52.Kf5 Rb3 53.Rc4 Rh3 54.Rc7 Rb3 55.Rc4 Rb2 56.
Kf6 Rxh2 57.Kxf7 Rf2+ 58.Ke6 Rb2 59.Kf6 Rf2+ 60.Ke6 1/2-1/2

[Event "Cto. Autonómico por Equipos 2007"]
[Site "Aragón"]
[Date "2007.02.24"]
[Round "5.53"]
[White "Cantin Zaborras Valentin"]
[Black "Leon Fernandez Mario"]
[Result "0-1"]
[WhiteElo "2125"]
[BlackElo "2064"]

1.e4 e5 2.Nf3 Nc6 3.Bc4 Nf6 4.d4 exd4 5.e5 d5 6.Bb5 Ne4 7.Nxd4 Bc5 8.O-O Bd7
9.Bxc6 bxc6 10.Be3 Qe7 11.f3 Nd6 12.Bf2 Nf5 13.Nc3 O-O 14.Re1 Rab8 15.Na4 Bb6
16.Nb3 Bxf2+ 17.Kxf2 Qh4+ 18.Kg1 Qxa4 19.Nc5 Qd4+ 20.Qxd4 Nxd4 21.Nxd7 Nxc2
22.b3 Nxa1 23.Rxa1 Rb5 24.Nxf8 Kxf8 25.Rc1 c5 26.Kf2 Ke7 27.Ke3 Ke6 28.f4 g6
29.g4 h6 30.h4 a5 31.h5 gxh5 32.Rh1 hxg4 33.Rxh6+ Ke7 34.f5 Rb6 35.Rh8 Rb4 36.
f6+ Ke6 37.Re8+ Kf5 38.Kd3 g3 0-1

[Event "Cto. Autonómico por Equipos 2007"]
[Site "Aragón"]
[Date "2007.02.24"]
[Round "5.54"]
[White "Cebollada Pacheco Jesus Raul"]
[Black "Valiente Roy Jose Javier"]
[Result "0-1"]
[WhiteElo "2010"]
[BlackElo "2079"]

1.e4 c6 2.d4 d5 3.Nc3 dxe4 4.Nxe4 Bf5 5.Ng3 Bg6 6.h4 h6 7.h5 Bh7 8.Nf3 Nd7 9.
Bd3 Bxd3 10.Qxd3 e6 11.Bf4 Ngf6 12.O-O-O Be7 13.Kb1 O-O 14.Ne4 Nxe4 15.Qxe4
Nf6 16.Qe2 Qd5 17.Be3 a5 18.Ne5 a4 19.g4 a3 20.b3 Ne4 21.c4 Nc3+ 22.Kc2 Qxh1
23.Rxh1 Nxe2 24.Re1 Nxd4+ 25.Bxd4 c5 26.Be3 Rfd8 27.f4 Ra6 28.Nf3 b5 29.cxb5
Rb6 30.Ne5 Rxb5 31.Nc4 Bf6 32.g5 hxg5 33.fxg5 Bd4 34.Bd2 Rbb8 35.g6 Rd5 36.h6
gxh6 37.Bxh6 Rbd8 38.gxf7+ Kxf7 39.Bf4 Rf5 40.Nd6+ Rxd6 41.Bxd6 Rf2+ 42.Kd3
Rxa2 43.Be5 Bxe5 44.Rxe5 Rb2 45.Kc3 Rb1 46.Re2 e5 47.Ra2 Ke6 48.Rxa3 e4 49.Kc2
Rg1 50.Ra5 Kd6 51.Ra6+ Kd5 52.Ra5 Rg2+ 53.Kc3 Rg3+ 54.Kc2 Kd4 55.Rb5 Rg2+ 56.
Kc1 e3 57.Rb8 Rg1+ 58.Kc2 e2 59.Rd8+ Ke3 60.Re8+ Kf2 61.Rf8+ Ke1 62.Re8 Rg3
63.Rf8 Rg2 64.Rh8 Kf1 65.Rf8+ Rf2 0-1

[Event "Cto. Autonómico por Equipos 2007"]
[Site "Aragón"]
[Date "2007.02.24"]
[Round "5.55"]
[White "Gutierrez Barrachina Jose A"]
[Black "Quintin Navarro Alberto"]
[Result "1/2-1/2"]
[WhiteElo "1983"]
[BlackElo "1907"]

1.e4 c5 2.c3 Nf6 3.e5 Nd5 4.g3 Qc7 5.Qe2 g6 6.Bg2 Nb6 7.a4 d6 8.Na3 Bd7 9.exd6
Qxd6 10.Bxb7 Bc6 11.Bxa8 Bxa8 12.f3 Bg7 13.Nb5 Qd7 14.a5 Nc8 15.h4 Bc6 16.Na3
Qc7 17.Kf2 Be5 18.Rh3 Nd6 19.Qxe5 Ne4+ 20.Qxe4 Bxe4 21.fxe4 f5 22.d3 fxe4 23.
dxe4 O-O+ 24.Nf3 Qd7 25.Rh1 Qd3 26.Bf4 e5 27.Rad1 Qxe4 28.Rhe1 Qb7 29.Rxe5
Qxb2+ 30.Kg1 Qxa3 31.Bh6 Qxc3 32.Re3 Qxe3+ 33.Bxe3 Rxf3 34.Bxc5 Nc6 35.Kg2 Rf5
36.Rc1 Nxa5 37.Bxa7 Nb3 38.Rc2 Na5 39.Rc7 Rf7 40.Rc8+ Rf8 41.Rc5 Nb7 42.Rd5
Rd8 43.Re5 Nd6 44.g4 Nf7 45.Re7 Rc8 46.Bd4 Rd8 47.Bf6 Ra8 48.Rd7 Ra6 49.g5 Rb6
50.Ra7 Rb8 51.Kf3 Re8 52.Kf4 Rb8 53.Ke4 Rc8 54.Re7 Ra8 55.Kd5 Rd8+ 56.Kc6 Ra8
57.Kb7 Rf8 58.Kc6 Ra8 59.Kd5 Rd8+ 60.Ke4 Ra8 61.Kf4 Ra4+ 62.Kg3 Ra3+ 63.Kf2
Ra8 64.Ke3 Ra3+ 65.Ke4 Ra8 66.Rc7 Re8+ 67.Kf4 Ra8 68.Rc4 Nd6 69.Rb4 Nf7 70.Kg4
Re8 71.h5 gxh5+ 72.Kxh5 Ra8 73.Rb7 Rc8 74.Rb5 Rf8 75.Kg4 Ra8 76.Rc5 Rb8 77.Kf5
Rb5 78.Rxb5 Nd6+ 79.Ke6 Nxb5 80.Be5 Na3 81.Kd5 Kf7 82.Kc5 Kg6 83.Bf4 Nc2
1/2-1/2

[Event "Cto. Autonómico por Equipos 2007"]
[Site "Aragón"]
[Date "2007.02.24"]
[Round "5.56"]
[White "Arregui Unotria Carlos"]
[Black "Lopez Capape Armando"]
[Result "1-0"]
[WhiteElo "1827"]
[BlackElo "1900"]

1.e4 c5 2.Nc3 Nc6 3.g3 g6 4.Bg2 Bg7 5.d3 e6 6.f4 Nge7 7.Nf3 O-O 8.O-O b6 9.g4
f5 10.gxf5 exf5 11.e5 d6 12.d4 cxd4 13.Nxd4 Bd7 14.Nxc6 Nxc6 15.Qxd6 Qe8 16.
Bd5+ Kh8 17.e6 Bd4+ 18.Kh1 Rd8 19.exd7 Rxd7 20.Qxc6 Rf6 21.Qc4 Rxd5 22.Qxd5
Bc5 23.Bd2 Rd6 24.Qe5+ Qxe5 25.fxe5 Rxd2 26.Rad1 Rxc2 27.Rd8+ Kg7 28.Rd7+ Kf8
29.Rxh7 a5 30.Rd1 Kg8 31.Rb7 Rxb2 32.Na4 1-0

[Event "Cto. Autonómico por Equipos 2007"]
[Site "Aragón"]
[Date "2007.02.24"]
[Round "5.57"]
[White "Bayod Rubia Angel"]
[Black "Gracia Suarez Jesus"]
[Result "1-0"]
[WhiteElo "2080"]
[BlackElo "2129"]

1.e4 c5 2.Nf3 Nc6 3.d4 cxd4 4.c3 Qa5 5.Bc4 Nf6 6.Qe2 d6 7.h3 e6 8.O-O dxc3 9.
Nxc3 Be7 10.Rd1 a6 11.a3 b5 12.b4 Qc7 13.Ba2 O-O 14.Bb2 Bb7 15.Rac1 Qb6 16.Bb1
Nd7 17.Qc2 Nde5 18.Nxe5 dxe5 19.Nd5 Qd8 20.Nf6+ Bxf6 21.Rxd8 Rfxd8 22.Rd1
Rxd1+ 23.Qxd1 Nd4 24.Bxd4 exd4 25.e5 Bxe5 26.Qh5 Bf6 27.Bxh7+ Kf8 28.Bd3 Rc8
29.Kf1 Ke7 30.Qd1 Bg5 31.Qg4 Bf6 32.Be4 Bc6 33.Qf3 Bd7 34.g4 Rc3 35.Qf4 e5 36.
Qd2 Rxa3 37.g5 Rxh3 38.gxf6+ gxf6 39.Qb2 Rc3 40.Bb7 Bh3+ 41.Ke1 Be6 42.Bxa6
Rb3 43.Qc1 Bc4 44.Bxb5 1-0

[Event "Cto. Autonómico por Equipos 2007"]
[Site "Aragón"]
[Date "2007.02.24"]
[Round "5.58"]
[White "Glaria Tevar Salvador"]
[Black "Lopez Guaita Fernando"]
[Result "1-0"]
[WhiteElo "1936"]
[BlackElo "2066"]

1.d4 d5 2.Nf3 Nf6 3.Bg5 e6 4.e3 Be7 5.Nbd2 h6 6.Bh4 O-O 7.Bd3 Nbd7 8.Ne5 Nxe5
9.dxe5 Nd7 10.Bxe7 Qxe7 11.f4 c5 12.c3 b6 13.Qh5 f5 14.O-O-O c4 15.Bc2 b5 16.
g4 Nc5 17.gxf5 exf5 18.Rhg1 Kh8 19.Nf3 Be6 20.Nd4 Qd7 21.Rg6 Rae8 22.Rdg1 Re7
23.Qh3 Kh7 24.Rxe6 Nxe6 25.Bxf5+ Rxf5 26.Qxf5+ Kg8 27.Qh5 Kh7 28.Nf5 Re8 29.
Rg6 Rf8 30.Nxh6 Nc5 31.Nf7+ Kg8 32.Ng5 Rf7 33.Qh7+ Kf8 34.Qh8+ Ke7 35.Nxf7 1-0

[Event "Cto. Autonómico por Equipos 2007"]
[Site "Aragón"]
[Date "2007.02.24"]
[Round "5.59"]
[White "Dominguez Castillo Alejandro"]
[Black "Guerrero Blanco Juan"]
[Result "1-0"]
[WhiteElo "1794"]
[BlackElo "1806"]

1.d4 Nf6 2.Nf3 g6 3.c4 Bg7 4.Nc3 O-O 5.e4 d6 6.Be2 Nbd7 7.O-O e5 8.d5 Nc5 9.
Nd2 c6 10.dxc6 bxc6 11.b4 Ne6 12.Nf3 Nd4 13.Be3 Nxe2+ 14.Qxe2 Bb7 15.Rfd1 Qc7
16.Rac1 a6 17.Na4 Nd7 18.Qd2 Nf6 19.Bb6 Qe7 20.Qxd6 Qxd6 21.Rxd6 Nxe4 22.Rd7
Bc8 23.Rc7 Rb8 24.Rxc6 Bd7 25.b5 Bxc6 26.bxc6 g5 27.c7 Rbc8 28.Rd1 Bf6 29.c5
g4 30.Ne1 Ng5 31.Nc2 Ne6 32.Rd7 Rfe8 33.Ne3 Be7 34.Nf5 Kf8 35.c6 Ng7 36.Nxe7
Rxe7 37.Bc5 Nf5 38.Bxe7+ Nxe7 39.Rd8+ 1-0

[Event "Cto. Autonómico por Equipos 2007"]
[Site "Aragón"]
[Date "2007.02.24"]
[Round "5.60"]
[White "Serrano San Nicolas Angel"]
[Black "Marco Bernad Eduardo"]
[Result "0-1"]
[WhiteElo "1805"]
[BlackElo "1660"]

1.e4 e5 2.f4 exf4 3.Nf3 d6 4.d4 Be7 5.Bxf4 Nd7 6.Bc4 Nb6 7.Bb3 Be6 8.c4 Qd7 9.
Nbd2 O-O-O 10.O-O Bg4 11.Qc2 h6 12.c5 Na8 13.cxd6 Bxd6 14.Bxd6 Qxd6 15.Bxf7
Qe7 16.Ne5 Nf6 17.Qb3 Rxd4 18.Ng6 Qc5 19.Rac1 Rc4+ 20.Kh1 Rxc1 21.Nxh8 Rxf1+
22.Nxf1 Nxe4 23.Be6+ Kb8 24.h3 Nf2+ 25.Kh2 Qd6+ 26.Ng3 Bxe6 27.Qa4 c6 28.Ng6
Nb6 29.Qh4 Bxa2 30.Kg1 Nxh3+ 31.gxh3 Qxg6 32.Qf4+ Kc8 33.Kh2 Qc2+ 34.Kg1 Qb1+
35.Nf1 Qg6+ 36.Ng3 Bd5 37.Qe5 Nd7 38.Qe3 Nf6 0-1

[Event "Cto. Autonómico por Equipos 2007"]
[Site "Aragón"]
[Date "2007.02.24"]
[Round "5.61"]
[White "Veras Sanz Marino"]
[Black "Lara Pueyo Felix"]
[Result "1-0"]
[WhiteElo "2069"]
[BlackElo "1875"]

1.d4 Nf6 2.Nf3 d5 3.g3 Bf5 4.Bg2 e6 5.c4 c6 6.Nc3 Be7 7.O-O Nbd7 8.b3 Ne4 9.
Bb2 Nxc3 10.Bxc3 Bf6 11.Nd2 O-O 12.e4 dxe4 13.Nxe4 Bxe4 14.Bxe4 Nc5 15.Bxh7+
Kxh7 16.Qh5+ Kg8 17.Qxc5 Qc7 18.Rac1 b6 19.Qh5 Rfd8 20.Rfd1 Rd7 21.Rd3 Rad8
22.Rcd1 e5 23.d5 cxd5 24.cxd5 Qc5 25.Bxe5 Rxd5 26.Rxd5 Rxd5 27.Rxd5 Qxd5 28.f4
Be7 29.h4 Bc5+ 30.Kh2 Qd2+ 31.Kh3 Qf2 32.Qd1 f5 33.Qd5+ Kh8 34.Qd1 Bb4 35.Qh5+
Kg8 36.Qxf5 Be1 37.Qg6 Qf1+ 38.Kg4 1-0

[Event "Cto. Autonómico por Equipos 2007"]
[Site "Aragón"]
[Date "2007.02.24"]
[Round "5.62"]
[White "Lancis JJ"]
[Black "Hernandez Delgado Gabriel"]
[Result "0-1"]
[WhiteElo "1818"]
[BlackElo "2049"]

1.d4 d6 2.c4 e5 3.d5 f5 4.Nc3 Nf6 5.Bg5 Be7 6.Bxf6 Bxf6 7.e4 O-O 8.Bd3 g6 9.
Nge2 f4 10.O-O f3 11.gxf3 Bh3 12.Re1 Bg5 13.Ng3 Qf6 14.Bf1 Bxf1 15.Rxf1 Qxf3
16.Qxf3 Rxf3 17.Kg2 Rf7 18.Rad1 Nd7 19.f3 Kg7 20.b3 a6 21.Nge2 Rb8 22.Nc1 b6
23.Nd3 h5 24.Nb4 a5 25.Nc6 Rh8 26.Ne2 h4 27.h3 Nf6 28.f4 Bxf4 29.Nxf4 exf4 30.
Rxf4 g5 31.Rf5 Nxe4 32.Rxf7+ Kxf7 33.Nd4 Kf6 34.Rf1+ Kg6 35.Ne6 Ng3 36.Rf8
Rxf8 37.Nxf8+ Kf5 38.Kf3 Nh5 39.Ne6 Nf4 40.Nxc7 Nxh3 41.Na8 g4+ 42.Kg2 Nf4+
43.Kg1 g3 44.Nxb6 h3 45.Na4 Ne2+ 46.Kf1 g2+ 0-1

[Event "Cto. Autonómico por Equipos 2007"]
[Site "Aragón"]
[Date "2007.02.24"]
[Round "5.63"]
[White "Labrador FM"]
[Black "Aspas Aspas Mariano"]
[Result "1/2-1/2"]
[WhiteElo "2005"]
[BlackElo "1676"]

1.d4 e6 2.c4 f5 3.g3 Nf6 4.Bg2 d5 5.Nc3 c6 6.Nh3 Bd6 7.O-O O-O 8.c5 Bc7 9.Bf4
Bxf4 10.Nxf4 Qe7 11.Nd3 Nbd7 12.f4 Ne4 13.Qc1 Ndf6 14.b4 Kh8 15.Nxe4 Nxe4 16.
Ne5 Bd7 17.Rb1 a6 18.Rb3 Be8 19.Bxe4 fxe4 20.g4 Bd7 21.Rh3 Kg8 22.Qe1 Rad8 23.
g5 g6 24.Qh4 Qg7 25.e3 Kh8 26.Qg4 Rf5 27.Rh6 Be8 28.Qh3 Rc8 29.Ng4 Rc7 30.Rf2
Rcf7 31.Rg2 Rf8 32.Ne5 Bf7 33.Nd7 Bg8 34.Nxf8 Rxf8 35.Rg4 Rf7 36.Rgh4 Re7 37.
Qg4 Rc7 1/2-1/2

[Event "Cto. Autonómico por Equipos 2007"]
[Site "Aragón"]
[Date "2007.02.24"]
[Round "5.64"]
[White "Casanova Gabriel"]
[Black "Martin Barbero Roberto"]
[Result "0-1"]
[WhiteElo "1959"]
[BlackElo "1669"]

1.e4 c5 2.Nf3 g6 3.d4 cxd4 4.Nxd4 Bg7 5.Nc3 Nc6 6.Be3 Nf6 7.Bc4 O-O 8.Bb3 Qc7
9.O-O d6 10.Nd5 Nxd5 11.Bxd5 Nxd4 12.Bxd4 Bg4 13.f3 Bxd4+ 14.Qxd4 Bd7 15.Rf2
Bc6 16.b3 e6 17.Bxc6 bxc6 18.c4 d5 19.cxd5 cxd5 20.exd5 Rad8 21.Qc4 Qxc4 22.
bxc4 exd5 23.cxd5 Rxd5 24.Rb1 Rfd8 25.g3 Rd2 26.Rb2 Rxb2 27.Rxb2 Rd3 28.Kf2
Ra3 29.Re2 Kg7 30.Kg2 g5 31.Kf2 Kg6 32.Kg2 h5 33.Kf2 Kf5 34.h3 g4 35.hxg4+
hxg4 36.f4 f6 37.Kg2 a5 38.Kf2 a4 39.Kg2 Rc3 40.Kf2 a3 41.Rd2 Ke4 42.Re2+ Kd3
43.Re3+ Kc2 44.Rxc3+ Kxc3 45.Ke3 Kb2 46.Kd2 Kxa2 47.Kc2 f5 48.Kc1 Kb3 49.Kb1
Kc3 50.Ka2 Kd3 51.Kxa3 Ke3 0-1

[Event "Cto. Autonómico por Equipos 2007"]
[Site "Aragón"]
[Date "2007.02.24"]
[Round "5.6"]
[White "Anglada Lobarte Jose Andres"]
[Black "Martinez Asensio Juan M"]
[Result "1-0"]
[WhiteElo "2229"]
[BlackElo "2160"]

1.e4 c5 2.Nf3 Nc6 3.Bb5 g6 4.O-O Bg7 5.c3 Nf6 6.Re1 O-O 7.d4 cxd4 8.cxd4 d5 9.
e5 Ne4 10.Nc3 Nxc3 11.bxc3 Qb6 12.Bd3 Bg4 13.Rb1 Qc7 14.h3 Bxf3 15.Qxf3 e6 16.
Ba3 Rfd8 17.Bd6 Qc8 18.h4 Rd7 19.h5 Bf8 20.hxg6 hxg6 21.Qg4 Bxd6 22.exd6 Qf8
23.Re3 Re8 24.Rh3 b6 25.Re1 Qg7 26.f4 Rxd6 27.f5 gxf5 28.Qf4 Qg4 1-0

[Event "Cto. Autonómico por Equipos 2007"]
[Site "Aragón"]
[Date "2007.02.24"]
[Round "5.5"]
[White "Saldano Horacio"]
[Black "Del Rey Diego"]
[Result "1/2-1/2"]
[WhiteElo "2422"]
[BlackElo "2399"]

1.d4 d5 2.c4 c6 3.Nf3 Nf6 4.Nc3 dxc4 5.a4 Bf5 6.Ne5 e6 7.f3 Bb4 8.e4 Bxe4 9.
fxe4 Nxe4 10.Bd2 Qxd4 11.Nxe4 Qxe4+ 12.Qe2 Bxd2+ 13.Kxd2 Qd5+ 14.Kc2 Na6 15.
Nxc4 O-O 16.Qe5 Rab8 17.Rd1 Nb4+ 18.Kc1 Na2+ 19.Kc2 Nb4+ 1/2-1/2

[Event "Cto. Autonómico por Equipos 2007"]
[Site "Aragón"]
[Date "2007.02.24"]
[Round "5.7"]
[White "Martin Catalan Juan Vicente"]
[Black "Romon Poves Raul"]
[Result "1/2-1/2"]
[WhiteElo "2106"]
[BlackElo "2225"]

1.d4 Nf6 2.Nf3 g6 3.Bf4 Bg7 4.e3 O-O 5.h3 d6 6.Be2 c5 7.c3 b6 8.Nbd2 Bb7 9.O-O
Nbd7 10.a4 a6 11.Bh2 Ra7 12.Qb3 Qa8 13.Rfd1 Ne4 14.Nxe4 Bxe4 15.Ne1 Rb8 16.f3
Bd5 17.c4 Bb7 18.Qa3 Bc8 19.Bg3 Rbb7 20.f4 Rc7 21.Bf3 Bb7 22.d5 Bc8 23.Rab1 b5
24.b3 Rcb7 25.Nd3 Qb8 26.Qa2 bxc4 27.bxc4 f5 28.Be1 Rxb1 29.Rxb1 Rb7 30.Rxb7
Qxb7 31.a5 Kf7 32.g4 Nf6 33.g5 Ne4 34.Qc2 Bd7 35.Kg2 e6 36.dxe6+ Kxe6 37.Nf2
Bc6 38.Nxe4 Bxe4 39.Bxe4 Qxe4+ 40.Qxe4+ fxe4 41.Kf2 d5 42.Ke2 dxc4 43.Kd2 h6
44.gxh6 Bxh6 45.Kc2 Bf8 46.Bc3 Be7 47.Bd2 Kd5 48.Kb2 Bf6+ 49.Bc3 Bh4 50.Bd2
Kc6 51.Kc2 Kb5 52.Kb2 Bf2 53.Kc2 Kc6 54.Kc3 Kd5 55.Kc2 Bh4 1/2-1/2

[Event "Cto. Autonómico por Equipos 2007"]
[Site "Aragón"]
[Date "2007.02.24"]
[Round "5.8"]
[White "Palacios Latasa Elias"]
[Black "Barcena Francisco"]
[Result "1-0"]
[WhiteElo "2195"]
[BlackElo "1991"]

1.e4 c5 2.Nf3 Nc6 3.d4 cxd4 4.Nxd4 g6 5.Nc3 Bg7 6.Be3 Nf6 7.Bc4 O-O 8.Bb3 d6
9.h3 Bd7 10.O-O a6 11.Qd3 Rc8 12.Nxc6 Bxc6 13.Nd5 Nd7 14.Bg5 Re8 15.Qg3 Bxb2
16.Rad1 Bxd5 17.Bxd5 Bf6 18.Bxf6 Nxf6 19.Bxb7 Rxc2 20.e5 Nh5 21.Qb3 Qc7 22.Bd5
Rf8 23.exd6 exd6 24.Rfe1 Rc3 25.Qa4 a5 26.Qh4 Ng7 27.Re7 Qc8 28.Qf6 Qf5 29.
Qxc3 1-0

[Event "Cto. Autonómico por Equipos 2007"]
[Site "Aragón"]
[Date "2007.02.24"]
[Round "5.33"]
[White "Gella Lopez Angel"]
[Black "Gavin Roche Enrique"]
[Result "0-1"]
[WhiteElo "2261"]
[BlackElo "2106"]

1.d4 d5 2.c4 e6 3.Nc3 Nf6 4.Bg5 Nbd7 5.e3 c6 6.cxd5 exd5 7.Bd3 Be7 8.Qc2 O-O
9.Nf3 Re8 10.O-O Nf8 11.Rab1 N6d7 12.Bxe7 Rxe7 13.b4 a6 14.Rfc1 g6 15.a4 Nb6
16.b5 cxb5 17.axb5 a5 18.Na4 Nxa4 19.Qxa4 b6 20.Ne5 Qd6 21.Rc6 Qd8 22.Qa3 Re6
23.Rbc1 f6 24.Rxe6 Nxe6 25.Nc6 Qf8 26.Qe7 a4 27.Bb1 Ng7 28.Ba2 Be6 29.e4 Re8
30.Qxf8+ Kxf8 31.Bxd5 Bxd5 32.exd5 Nf5 33.Kf1 Nd6 34.Ra1 Ra8 35.Ke2 Nxb5 36.
Kd3 Ke8 37.Kc4 Nd6+ 38.Kb4 a3 39.Rxa3 Rxa3 40.Kxa3 Ne4 41.Kb4 Nxf2 42.Kb5 Kd7
43.Kxb6 Kd6 44.Nb4 Ng4 45.h3 Ne3 46.g4 Nxd5+ 47.Kb5 Nf4 48.h4 Ng2 49.h5 g5 50.
Nc2 Kd5 51.Kb4 Nf4 52.Kc3 Ke4 53.Kd2 Nd5 54.Ke2 Kf4 55.Kd3 Kxg4 56.h6 Kf4 57.
Na3 g4 58.Nc4 g3 59.Ke2 f5 60.Nd6 Nf6 61.Kf1 Ng4 62.Nf7 Ne3+ 63.Kg1 Kg4 64.
Ne5+ Kg5 65.Nf7+ Kg6 66.Ne5+ Kxh6 67.Nd7 Kg5 68.Nb6 f4 0-1

[Event "Cto. Autonómico por Equipos 2007"]
[Site "Aragón"]
[Date "2007.02.24"]
[Round "5.34"]
[White "Velamazan Gomez Angel"]
[Black "Laplaza Ara Carlos"]
[Result "0-1"]
[WhiteElo "1987"]
[BlackElo "2043"]

1.d4 d5 2.Nf3 Nf6 3.c4 e6 4.Nc3 Be7 5.Bf4 c6 6.e3 Nbd7 7.cxd5 exd5 8.Bd3 O-O
9.O-O Re8 10.h3 Nf8 11.Ne5 Ne6 12.Bh2 g6 13.Rc1 Ng7 14.g4 Nd7 15.f4 f5 16.g5
Nxe5 17.dxe5 d4 18.Bc4+ Be6 19.Bxe6+ Nxe6 20.Qb3 dxc3 21.Qxe6+ Kf8 22.Qb3 cxb2
23.Qxb2 Qd3 24.Rc3 Qd7 25.Rb3 b6 26.Bg3 Rad8 27.Be1 Bc5 28.Bb4 Bxb4 29.Rxb4 c5
30.Rb3 Qe6 31.Ra3 Rd7 32.Rf2 Red8 33.Rc3 Kf7 34.Qb3 Qxb3 35.Rxb3 Rd3 36.Rxd3
Rxd3 37.Re2 Ke6 38.Kf2 b5 39.Rb2 a6 40.Ke2 Ra3 41.Rd2 c4 42.Rc2 a5 43.Kf3 c3
44.Ke2 b4 45.Kd3 Kd5 46.h4 a4 47.e6 Kxe6 48.Kc4 b3 49.axb3 axb3 50.Rxc3 b2 51.
Rxa3 b1=Q 52.Ra6+ Kd7 53.Ra7+ Kc6 54.Rxh7 Qe4+ 55.Kb3 Qxe3+ 56.Kc2 Qxf4 57.Rh6
Kd5 58.Rh8 Ke4 59.h5 gxh5 60.g6 Qf2+ 61.Kb3 Qg3+ 0-1

[Event "Cto. Autonómico por Equipos 2007"]
[Site "Aragón"]
[Date "2007.02.24"]
[Round "5.35"]
[White "Bellosta López Pablo"]
[Black "Carilla Angel"]
[Result "0-1"]
[WhiteElo "1841"]
[BlackElo "1840"]

1.e4 e6 2.d4 d5 3.e5 c5 4.c3 Qb6 5.Nf3 Nc6 6.Be2 cxd4 7.cxd4 Nge7 8.Na3 Nf5 9.
Nc2 Be7 10.O-O h6 11.a3 Qb3 12.Qd3 Na5 13.Nd2 Qxd3 14.Bxd3 Bd7 15.b4 Nc6 16.
Nb3 b6 17.Bd2 Rc8 18.b5 Nb8 19.Nb4 O-O 20.Bxf5 exf5 21.Nxd5 Bd8 22.Nc3 f4 23.
Rfc1 Bg5 24.a4 f6 25.exf6 Bxf6 26.Nd5 Bg5 27.Rxc8 Bxc8 28.Re1 Bf5 29.Ne7+ Bxe7
30.Rxe7 Bc2 31.Nc1 Bxa4 32.Rxa7 Bxb5 33.Rb7 Nd7 34.f3 g5 35.Kf2 Rc8 36.g3
fxg3+ 37.Kxg3 Rc2 38.Be3 Kg7 39.d5 Kg6 40.Nd3 Rc3 41.Rxd7 Bxd7 42.Ne5+ Kf5 43.
Nxd7 Rxe3 44.Nxb6 Rd3 45.Nc4 h5 46.h3 h4+ 47.Kf2 Rd4 48.Ne3+ Ke5 49.d6 Ke6 50.
Ng4 Kxd6 51.Ke3 Ra4 52.Nf2 Ke5 53.Ng4+ Kd5 54.Nf6+ Ke6 55.Ne4 Ra3+ 56.Kf2 Kf5
0-1

[Event "Cto. Autonómico por Equipos 2007"]
[Site "Aragón"]
[Date "2007.02.24"]
[Round "5.36"]
[White "Parrilla Mendez David"]
[Black "Gella Bitrian Diego"]
[Result "0-1"]
[WhiteElo "1664"]
[BlackElo "1812"]

1.e4 c5 2.Nf3 d6 3.Bc4 Nf6 4.Nc3 e6 5.d4 cxd4 6.Nxd4 a6 7.Be2 Nbd7 8.O-O Nc5
9.Bf3 Be7 10.Re1 Qc7 11.Nde2 O-O 12.Nf4 Rb8 13.g3 b5 14.b4 Ncd7 15.Nfe2 Bb7
16.Bg2 Rbc8 17.Bb2 Qb8 18.Rb1 Rc4 19.a3 Nxe4 20.Nxe4 Bxe4 21.Bxe4 Rxe4 22.Nd4
Rxe1+ 23.Qxe1 Bf6 24.Qe3 Ne5 25.Qb3 Nc4 26.Bc3 Bxd4 27.Bxd4 Nd2 28.Qb2 Nxb1
29.Bxg7 Nd2 30.Bh6 Nf3+ 31.Kg2 Ne5 32.f4 Qb7+ 33.Kh3 Qf3 34.Bxf8 Qf1+ 35.Kh4
Ng6+ 36.Kg5 Nxf8 37.h4 e5 38.fxe5 Ne6+ 39.Kh6 Qf5 0-1

[Event "Cto. Autonómico por Equipos 2007"]
[Site "Aragón"]
[Date "2007.03.03"]
[Round "6.1"]
[White "Adla Diego Gustavo"]
[Black "Lopez Gracia Fernando"]
[Result "1/2-1/2"]
[WhiteElo "2470"]
[BlackElo "2328"]

1.c4 Nf6 2.Nf3 e6 3.g3 d5 4.Bg2 Be7 5.O-O O-O 6.d4 dxc4 7.Qc2 a6 8.a4 Bd7 9.
Qxc4 Bc6 10.Bg5 Bd5 11.Qc1 h6 12.Bxf6 Bxf6 13.Nc3 Bxf3 14.Bxf3 c6 15.Rd1 a5
16.Kg2 Na6 17.h4 Qb6 18.e3 Rac8 19.Ne4 Be7 20.Nd2 Rfd8 21.Nc4 Qc7 22.Qd2
1/2-1/2

[Event "Cto. Autonómico por Equipos 2007"]
[Site "Aragón"]
[Date "2007.03.03"]
[Round "6.2"]
[White "Gomez Anadon Daniel"]
[Black "Villuendas Valero Adrian"]
[Result "1-0"]
[WhiteElo "2280"]
[BlackElo "2224"]

1.d4 Nf6 2.Bg5 e6 3.Nd2 h6 4.Bh4 c5 5.e3 b6 6.c3 Bb7 7.Ngf3 Be7 8.Bd3 cxd4 9.
exd4 O-O 10.O-O d6 11.Qe2 Nbd7 12.a4 Nh5 13.Bxe7 Qxe7 14.g3 a6 15.Rfe1 Nhf6
16.Nc4 Nd5 17.Nfd2 N7f6 18.h4 Qc7 19.Ne4 Nxe4 20.Qxe4 Nf6 21.Qf4 Qc6 22.f3
Rad8 23.Kf2 Rfe8 24.Rad1 Nd5 25.Qe4 f5 26.Qe2 Nf6 27.Ne3 f4 28.gxf4 Nh5 29.Ng2
Nf6 30.Bxa6 Ng4+ 31.Kg3 Nf6 32.Bb5 Qd5 33.Bc4 Qh5 34.f5 d5 35.Bb5 Qxf5 36.Bxe8
Rxe8 37.Qe5 Qg6+ 38.Kf2 Bc8 39.Ne3 Rf8 40.Rg1 Qf7 41.Ke1 Nh5 42.Kd2 Bd7 43.b3
Kh7 44.Rg4 Be8 45.Rdg1 Rg8 46.Nd1 Qxf3 47.Qe3 Qf7 48.Nf2 Nf6 49.Rf4 Rf8 50.Kc2
Qe7 51.Kb2 b5 52.a5 b4 53.cxb4 Qxb4 54.Qc3 Qb5 55.Re1 Bd7 56.Qd3+ Qxd3 57.Nxd3
Ra8 58.Nc5 1-0

[Event "Cto. Autonómico por Equipos 2007"]
[Site "Aragón"]
[Date "2007.03.03"]
[Round "6.3"]
[White "Cortes Lizano Jesus"]
[Black "Campos Hernandez Antonio"]
[Result "1-0"]
[WhiteElo "2154"]
[BlackElo "2263"]

1.c4 e5 2.Nc3 d6 3.Nf3 f5 4.d3 Nf6 5.g3 Be7 6.Bg2 O-O 7.O-O Qe8 8.c5 Nc6 9.b4
Qh5 10.cxd6 Bxd6 11.b5 Nd8 12.b6 c6 13.Ba3 Bxa3 14.Qb3+ Nd5 15.Nxd5 cxd5 16.
Qxa3 e4 17.Qxa7 Rxa7 18.bxa7 exf3 19.Bxf3 Qf7 20.a8=Q Nc6 21.Qa4 Ne5 22.Bg2
Qh5 23.Qf4 Ng4 24.Bxd5+ Kh8 25.h4 h6 26.Bf3 Rf6 27.Rfc1 Bd7 28.Rc5 Qe8 29.Rac1
Bc6 30.d4 Kh7 31.Rxf5 1-0

[Event "Cto. Autonómico por Equipos 2007"]
[Site "Aragón"]
[Date "2007.03.03"]
[Round "6.4"]
[White "Moreno Gracia Daniel"]
[Black "Lafarga Bueno Daniel"]
[Result "1-0"]
[WhiteElo "2122"]
[BlackElo "1829"]

1.c4 e6 2.Nc3 d5 3.cxd5 exd5 4.d4 Nf6 5.Bg5 Be7 6.e3 c6 7.Qc2 O-O 8.Bd3 Nbd7
9.Nge2 Re8 10.O-O Nf8 11.f3 g6 12.Rad1 Ne6 13.Bh4 Nh5 14.Bxe7 Qxe7 15.e4 Nhf4
16.Nxf4 Nxf4 17.Rfe1 Bd7 18.Bf1 Qd6 19.Qd2 Ne6 20.b4 a6 21.a4 b5 22.axb5 axb5
23.exd5 cxd5 24.Bxb5 Bxb5 25.Nxb5 Qb6 26.Nc3 Qxb4 27.Nxd5 Qxd2 28.Nf6+ Kh8 29.
Rxd2 Red8 30.d5 Nf4 31.Rd4 g5 32.h4 h6 33.g3 Kg7 34.gxf4 Kxf6 35.fxg5+ hxg5
36.hxg5+ Kxg5 37.Re5+ Kf6 38.f4 Ra2 39.d6 Rb8 40.Rd1 Rg8+ 41.Rg5 Rd8 42.Kf1
Ra6 43.Rgd5 Ke6 44.f5+ Kd7 45.Kf2 Kc6 46.d7 Ra7 47.Rd6+ Kc5 48.R1d5+ Kc4 49.
Kf3 Rc7 50.Ke4 Rc5 51.Rxc5+ Kxc5 52.Ke5 1-0

[Event "Cto. Autonómico por Equipos 2007"]
[Site "Aragón"]
[Date "2007.03.03"]
[Round "6.5"]
[White "Del Rey Diego"]
[Black "Baron Rodriguez Jesus"]
[Result "0-1"]
[WhiteElo "2399"]
[BlackElo "2422"]

1.d4 d5 2.Nf3 Bf5 3.c4 e6 4.Nc3 c6 5.e3 Nd7 6.Be2 Bd6 7.c5 Bc7 8.b4 e5 9.Bb2
Ne7 10.dxe5 Nxe5 11.Nd4 Bg6 12.O-O Nf5 13.Nxf5 Bxf5 14.Qd4 Qf6 15.Rad1 Qg6 16.
f4 Ng4 17.Rf3 h5 18.Bd3 Bxd3 19.Rxd3 Rd8 20.e4 dxe4 21.Qxe4+ Qxe4 22.Nxe4 O-O
23.h3 Nh6 24.Nd6 Bxd6 25.cxd6 f6 26.Rf2 Rf7 27.Rc2 Rfd7 28.Rc5 Rxd6 29.Rxd6
Rxd6 30.Rxh5 Rd1+ 31.Kh2 Kf7 32.Bc3 Ke6 33.b5 Nf5 34.g4 Ne7 35.Rc5 b6 36.f5+
Kf7 37.Rc4 cxb5 38.Re4 Nd5 39.Be1 Ra1 40.a3 Ra2+ 41.Kg1 Rxa3 42.Rd4 Ne7 43.Rd7
Ra4 44.Rb7 b4 45.Bf2 b3 0-1

[Event "Cto. Autonómico por Equipos 2007"]
[Site "Aragón"]
[Date "2007.03.03"]
[Round "6.6"]
[White "Antoli Royo Joaquin Miguel"]
[Black "Melendez Fierro Juan Bautista"]
[Result "0-1"]
[WhiteElo "2304"]
[BlackElo "2232"]

1.e4 e5 2.Bc4 Nf6 3.d4 exd4 4.Nf3 Nxe4 5.Qxd4 Nf6 6.Nc3 Nc6 7.Qh4 Be7 8.Bg5 d6
9.O-O-O Be6 10.Rhe1 Bxc4 11.Qxc4 O-O 12.Rxe7 Qxe7 13.Nd5 Qe6 14.Bxf6 gxf6 15.
Qc3 Ne5 16.Nxc7 Qxa2 17.Nxa8 Rxa8 18.Nd4 Qa1+ 19.Kd2 Qa6 20.b3 Re8 21.Kc1 Ng6
22.Kb2 Qb6 23.Nf5 Qc5 24.Qh3 Re2 25.Nd4 Qe5 26.Qc8+ Kg7 27.Kb1 Rxf2 28.g4 Ne7
29.Qxb7 Nd5 30.Qc8 Ne3 31.Rd3 Rf1+ 32.Kb2 Qa5 33.Ne6+ fxe6 34.Qc7+ Qxc7 0-1

[Event "Cto. Autonómico por Equipos 2007"]
[Site "Aragón"]
[Date "2007.03.03"]
[Round "6.7"]
[White "Romon Poves Raul"]
[Black "Aguirre Izaguirre Pedro Jose"]
[Result "1-0"]
[WhiteElo "2225"]
[BlackElo "2268"]

1.e4 d6 2.d4 c6 3.Nf3 g6 4.Nc3 Bg7 5.Be3 Nd7 6.Qd2 b5 7.Bd3 Nb6 8.h3 Nf6 9.e5
Nfd5 10.Bh6 Bxh6 11.Qxh6 Be6 12.Nxd5 Nxd5 13.O-O Kd7 14.a4 b4 15.c4 bxc3 16.
bxc3 Rb8 17.c4 Nb4 18.Be2 f6 19.exd6 exd6 20.d5 cxd5 21.cxd5 Bxd5 22.Bb5+ Bc6
23.Qd2 a6 24.Qxb4 axb5 25.axb5 Rxb5 26.Ra7+ Kc8 27.Qc4 Qb6 28.Nd4 Rc5 29.Qe6+
Kb8 30.Rfa1 Bb7 31.Qxf6 Rhc8 32.R7a3 Rd5 33.Ra4 Rdc5 34.Qf4 Re5 35.Qd2 Qc5 36.
Rb4 Qd5 37.f3 Rc4 38.Rab1 Kc8 39.Rxc4+ Qxc4 40.Rc1 1-0